00302pab a2200121 454500008004000000100001400040245003400054260000900088300001000097362001400107650003000121773002900151180718b1990 xxu||||| |||| 00| 0 eng d aLee, J.M. aCountry government since 1889 c1990 a15-32 aJan.-Feb. aCountry Government - U.K. aLocal Government Studies